Państwa Oceanii - Statystyki

Ogólne statystyki
  • Ten quiz został rozwiązany 23 razy
  • Średni wynik to 10 z 14
Statystyki odpowiedzi
Państwa % Poprawnych
Australia
87%
Nowa Zelandia
87%
Papua Nowa Gwinea
83%
Fidżi
78%
Mikronezja
78%
Samoa
74%
Tonga
74%
Tuvalu
74%
Wyspy Marshalla
74%
Kiribati
70%
Palau
70%
Vanuatu
70%
Nauru
65%
Wyspy Salomona
65%
Nie znaleziono quizów pasujących do podanych kryteriów
Rozkład punktacji
Procent ludzi z każdym wynikiem
Percentyl według liczby udzielonych odpowiedzi
Twoja historia wyników
Nie rozwiązałeś tego quizu